• Meli Beppe

di Personal Name

Records bibliografici associati: 1

001 - CONTROL NUMBER

  • control field: 52804

003 - CONTROL NUMBER IDENTIFIER

  • control field: IT-RoPau

005 - DATE AND TIME OF LATEST TRANSACTION

  • control field: 20151203090256.0

008 - FIXED-LENGTH DATA ELEMENTS

  • fixed length control field: 151203|| aca||aabn | a|a d

040 ## - CATALOGING SOURCE

  • Original cataloging agency: IT-RoPau
  • Transcribing agency: IT-RoPau

100 ## - HEADING--PERSONAL NAME

  • Personal name: Meli Beppe
  • Miscellaneous information: Codice regista SPICS: 30757

670 ## - SOURCE DATA FOUND

  • Source citation: Work cat.: (IT-RoPau)107603: Meli Beppe Codice regista SPICS: 30757, GUIDA ALL'USO DELLA VIDEO-CAMERA (TECNICHE BASE 1) GUIDA ALL'USO DELLA VIDEO-CAMERA (TECNICHE BASE 1) (Rif. Codice opera principale : 87050)
CREDITS: SOCIETA' SAN PAOLO Via A.Severo, 58 - ROMA (RM) & PERIODICI SAN PAOLO SRL Via Giotto, 36 MILANO & CISF Via Giotto, 36 MILANO & EDIZIONI SAN PAOLO SRL,  Piazza Soncino, 5 CINISELLO BALSAMO (MI) -- ITALY